Marxismo para principiantes /
Introducción a las principales teorías y conceptos de Karl Marx, fundamentados en sus obras clave, principalmente El capital. Se ofrece una visión crítica del marxismo tras la caída del Muro de Berlín.
Na minha lista:
| Autor principal: | |
|---|---|
| Outros Autores: | |
| Formato: | Livro |
| Idioma: | espanhol |
| Publicado em: |
Buenos Aires, Argentina :
Era Naciente,
2007, c2007
|
| coleção: | (Para Principiantes ;
107) (Documentales Ilustrados) |
| Assuntos: | |
| Tags: |
Sem tags, seja o primeiro a adicionar uma tag!
|
MARC
| LEADER | 00000nam^a2200000^a^4500 | ||
|---|---|---|---|
| 001 | 000341304 | ||
| 005 | 20250521000000.0 | ||
| 009 | 20260310114519.304 | ||
| 020 | |a 978-987-555-033-9 | ||
| 037 | |a Acervo ITESO - Biblioteca | ||
| 041 | |a ESP | ||
| 082 | |a 920. 02 |b PRI V. 143 | ||
| 100 | |a Kohan, Néstor |e (autor) | ||
| 240 | 1 | 1 | |a [Principiantes] |
| 245 | 1 | 0 | |a Marxismo para principiantes / |c N. Kohan ; il. de P. Brito. |
| 264 | 4 | |a Buenos Aires, Argentina : |b Era Naciente, |c 2007, c2007 | |
| 300 | |a 192 p. | ||
| 336 | |a texto |b txt |2 rdacontenido | ||
| 337 | |a sin mediación |b n |2 rdamedio | ||
| 338 | |a volumen |b nc |2 rdasoporte | ||
| 440 | 1 | |a (Para Principiantes ; |v 107) | |
| 440 | 1 | |a (Documentales Ilustrados) | |
| 520 | |a Introducción a las principales teorías y conceptos de Karl Marx, fundamentados en sus obras clave, principalmente El capital. Se ofrece una visión crítica del marxismo tras la caída del Muro de Berlín. | ||
| 649 | |a XX | ||
| 650 | |a Marxismo - |x Tema Principal | ||
| 650 | |a Filosofía Política | ||
| 650 | |a Filosofía del Siglo XIX | ||
| 650 | |a Filosofía Alemana | ||
| 650 | |a Política | ||
| 700 | |a Brito, Pier |e (ilustración) | ||
| 910 | |a Fondo General | ||
| 920 | |a Impresos - Libros | ||
| 930 | |a Colección General | ||
| 905 | |a 101 | ||
| 901 | |a 0500231008 |b IT1 |c ACC |i C140461 |u 20250521 | ||
| 902 | |a https://opac.biblio.iteso.mx/vufind/Record/000341304 | ||